[Event "HUN-chT2 Erkel 1819"]
[Site "Hungary"]
[Date "2019.03.31"]
[Round "8.7"]
[White "Haszon, Kamilla Sara"]
[Black "Eberth, Zoltan"]
[Result "0-1"]
[WhiteElo "1990"]
[BlackElo "2179"]
[PlyCount "82"]
[EventDate "2018.10.28"]
[EventType "team-tourn"]
[EventRounds "9"]
[EventCountry "HUN"]
[SourceTitle "EXT 2021"]
[Source "ChessBase"]
[SourceDate "2020.10.23"]
[SourceVersion "1"]
[SourceVersionDate "2020.10.23"]
[SourceQuality "1"]
[WhiteTeam "Budapest MTK II"]
[BlackTeam "Gyongyos Energia"]
[WhiteTeamCountry "HUN"]
[BlackTeamCountry "HUN"]

1. e4 c5 2. Nf3 Nc6 3. d4 cxd4 4. Nxd4 g6 5. c4 Nf6 6. Nc3 Nxd4 7. Qxd4 d6 8. Bg5 Bg7 9. Qd2 0-0 10. Be2 Be6 11. 0-0 Rc8 12. b3 b5 13. Bxf6 Bxf6 14. Nxb5 Bxa1 15. Rxa1 Qb6 16. Nd4 Bd7 17. Rd1 Bc6 18. Qd3 Bb7 19. Bg4 Rcd8 20. h4 Qa5 21. Nf3 Qxa2 22. Qe3 Qc2 23. Re1 Qb2 24. Nd4 Bc8 25. Bf3 Qa3 26. h5 Qc5 27. Qd2 Bb7 28. Ra1 e5 29. Ne2 f5 30. hxg6 fxe4 31. Qh6 Rd7 32. Bg4 Qxf2+ 33. Kh1 Rg7 34. Rg1 hxg6 35. Be6+ Rff7 36. Bh3 Qxe2 37. Qg5 e3 38. Qd8+ Kh7 39. Qxd6 Rf1 40. Qxe5 Rxg1+ 41. Kxg1 Qf2+ 0-1

[Event "HUN-chT2 Erkel 1819"]
[Site "Hungary"]
[Date "2018.12.02"]
[Round "3.7"]
[White "Vass, Istvan"]
[Black "Haszon, Kamilla Sara"]
[Result "0-1"]
[WhiteElo "2051"]
[BlackElo "1990"]
[PlyCount "160"]
[EventDate "2018.10.28"]
[EventType "team-tourn"]
[EventRounds "9"]
[EventCountry "HUN"]
[SourceTitle "EXT 2021"]
[Source "ChessBase"]
[SourceDate "2020.10.23"]
[SourceVersion "1"]
[SourceVersionDate "2020.10.23"]
[SourceQuality "1"]
[WhiteTeam "Varosgazda Akademia"]
[BlackTeam "Budapest MTK II"]
[WhiteTeamCountry "HUN"]
[BlackTeamCountry "HUN"]

1. e4 c5 2. Nf3 d6 3. d4 cxd4 4. Nxd4 Nf6 5. Nc3 a6 6. Be2 e5 7. Nf3 Be7 8. 0-0 0-0 9. Re1 Nbd7 10. Be3 Ng4 11. Nd5 Nxe3 12. Nxe3 Nc5 13. Bd3 Be6 14. c4 Qd7 15. Bc2 b5 16. b4 Nb7 17. cxb5 Qxb5 18. a4 Qd7 19. Bb3 Rad8 20. Rc1 a5 21. bxa5 Nxa5 22. Bd5 Qa7 23. Rb1 Rb8 24. Qd2 Nb3 25. Bxb3 Rxb3 26. Rxb3 Bxb3 27. a5 Ra8 28. Nf5 Bf8 29. Ra1 Qc5 30. h3 g6 31. Nh6+ Kh8 32. Ng4 Bg7 33. Rc1 Qa3 34. Qc3 h5 35. Ne3 Rxa5 36. Qc8+ Kh7 37. Ng5+ Kh6 38. Nf3 Rc5 39. Rxc5 dxc5 40. h4 f6 41. g4 hxg4 42. Nxg4+ Kh7 43. Qb7 Kh8 44. Qe7 Qc1+ 45. Kg2 Qf4 46. Ne3 Qxe4 47. Qxc5 Be6 48. Qc2 Bh3+ 49. Kxh3 Qxf3+ 50. Kh2 f5 51. Kg1 f4 52. Ng2 Qg4 53. Qe4 Kh7 54. f3 Qh3 55. Qd5 Kh6 56. Qe4 Qd7 57. Kh2 Qd2 58. Qc6 Qd8 59. Qe4 Bf6 60. Kh3 Kh5 61. Kh2 Qe7 62. Qa8 Qd8 63. Qb7 Kh6 64. Kh3 Qd4 65. Kh2 Qf2 66. Qa8 Kg7 67. Qb7+ Kh6 68. Qa8 Qd4 69. Kh1 Qd8 70. Qe4 Bxh4 71. Qxe5 Bg3 72. Qe2 Qa5 73. Kg1 Qa1+ 74. Qf1 Bh2+ 75. Kf2 Qd4+ 76. Ke2 Qc4+ 77. Kf2 Bg3+ 78. Kg1 Qc5+ 79. Ne3 Qxe3+ 80. Kh1 Qe1 0-1

[Event "HUN-chT 1718"]
[Site "Hungary"]
[Date "2017.11.25"]
[Round "1.12"]
[White "Haszon, Kamilla Sara"]
[Black "Juhasz, Barbara"]
[Result "0-1"]
[WhiteElo "1985"]
[BlackElo "2190"]
[PlyCount "74"]
[EventDate "2017.11.25"]
[EventType "team-tourn"]
[EventRounds "9"]
[EventCountry "HUN"]
[SourceTitle "CBM 181 Extra"]
[Source "ChessBase"]
[SourceDate "2017.12.12"]
[SourceVersion "1"]
[SourceVersionDate "2017.12.12"]
[SourceQuality "1"]
[WhiteTeam "Budapest MTK"]
[BlackTeam "Mako Duocor"]
[WhiteTeamCountry "HUN"]
[BlackTeamCountry "HUN"]

1. e4 c5 2. Nf3 e6 3. d4 cxd4 4. Nxd4 a6 5. Nc3 Qc7 6. Qe2 d6 7. Bd2 Nf6 8. 0-0-0 Nc6 9. Nb3 b5 10. f4 b4 11. Na4 Be7 12. g4 Nd7 13. g5 Rb8 14. Qc4 Nb6 15. Nxb6 Qxb6 16. Bh3 a5 17. Qd3 a4 18. Be3 Qb7 19. Nd4 Bd7 20. Rhe1 0-0 21. Bf1 Nxd4 22. Bxd4 e5 23. Be3 exf4 24. Bxf4 Be6 25. b3 axb3 26. axb3 Rfc8 27. Re3 Ra8 28. Kd2 Rc3 29. Qb5 Qc7 30. Rc1 Bxb3 31. Bd3 Rb8 32. Qa6 Rc8 33. cxb3 Rxc1 34. Bc4 Rg1 35. Qb5 Qa7 36. Re2 Qd4+ 37. Bd3 Rgc1 0-1

[Event "HUN-ch U18 Girls"]
[Site "Balatonlelle"]
[Date "2015.06.24"]
[Round "7"]
[White "Terbe, Julianna"]
[Black "Haszon, Kamilla Sara"]
[Result "0-1"]
[WhiteElo "2248"]
[BlackElo "2009"]
[PlyCount "76"]
[EventDate "2015.06.18"]
[EventType "tourn"]
[EventRounds "7"]
[EventCountry "HUN"]
[SourceTitle "CBM 167 Extra"]
[Source "ChessBase"]
[SourceDate "2015.09.14"]
[SourceVersion "1"]
[SourceVersionDate "2015.09.14"]
[SourceQuality "1"]

1. e4 c5 2. c3 d6 3. d4 cxd4 4. cxd4 Nf6 5. Nc3 g6 6. h3 Bg7 7. Nf3 Nc6 8. Be2 0-0 9. 0-0 Ne8 10. Be3 Nc7 11. Qd2 d5 12. e5 Re8 13. Rac1 f6 14. exf6 exf6 15. Rfe1 Bf5 16. Na4 Ne6 17. Nh4 Be4 18. f3 f5 19. fxe4 fxe4 20. g3 Ncxd4 21. Bg4 Qd6 22. Bf2 Be5 23. Re3 Rf8 24. Ng2 h5 25. Bxe6+ Nxe6 26. h4 Rf7 27. Rd1 Bd4 28. Rf1 Raf8 29. Nc3 Qe5 30. Kh2 Bxe3 31. Qxe3 Rf3 32. Qe1 e3 33. Nxe3 d4 34. Ncd1 dxe3 35. Nxe3 Qxb2 36. Nd1 Qxa2 37. Kg1 Qd5 38. Ne3 Qe4 0-1

[Event "HUN-ch U18 Girls"]
[Site "Balatonlelle"]
[Date "2015.06.22"]
[Round "5"]
[White "Fekete, Agnes"]
[Black "Haszon, Kamilla Sara"]
[Result "0-1"]
[WhiteElo "1802"]
[BlackElo "2009"]
[PlyCount "56"]
[EventDate "2015.06.18"]
[EventType "tourn"]
[EventRounds "7"]
[EventCountry "HUN"]
[SourceTitle "CBM 167 Extra"]
[Source "ChessBase"]
[SourceDate "2015.09.14"]
[SourceVersion "1"]
[SourceVersionDate "2015.09.14"]
[SourceQuality "1"]

1. d4 Nf6 2. Bg5 Ne4 3. Bf4 c5 4. f3 Qa5+ 5. c3 Nf6 6. d5 Qb6 7. b3 d6 8. e4 e6 9. dxe6 fxe6 10. c4 Be7 11. Nc3 0-0 12. Bd2 Qd8 13. Bd3 d5 14. cxd5 exd5 15. Nxd5 Nxd5 16. exd5 Bd6 17. Ne2 Qh4+ 18. g3 Qh3 19. Bf4 Be7 20. d6 Bf6 21. Rc1 g5 22. Rxc5 Nd7 23. Bf5 Qg2 24. Qd5+ Kh8 25. Rg1 Qxh2 26. Bxd7 Bxd7 27. Bxg5 Rae8 28. Bxf6+ Rxf6 0-1

[Event "HUN-ch U18 Girls"]
[Site "Balatonlelle"]
[Date "2015.06.18"]
[Round "1"]
[White "Haszon, Kamilla Sara"]
[Black "Werner, Anna"]
[Result "1-0"]
[WhiteElo "2009"]
[BlackElo "2039"]
[PlyCount "53"]
[EventDate "2015.06.18"]
[EventType "tourn"]
[EventRounds "7"]
[EventCountry "HUN"]
[SourceTitle "CBM 167 Extra"]
[Source "ChessBase"]
[SourceDate "2015.09.14"]
[SourceVersion "1"]
[SourceVersionDate "2015.09.14"]
[SourceQuality "1"]

1. e4 e6 2. d4 d5 3. Nd2 c5 4. exd5 Qxd5 5. dxc5 Bxc5 6. Ngf3 Nf6 7. Bc4 Qd6 8. Qe2 Qc7 9. 0-0 Nc6 10. a4 0-0 11. b3 Nd4 12. Nxd4 Bxd4 13. Ba3 Bxa1 14. Rxa1 Rd8 15. Bb2 Qe7 16. Ne4 Nxe4 17. Qxe4 f6 18. Qh4 g5 19. Qe4 Rb8 20. h4 Bd7 21. hxg5 Bc6 22. Bxe6+ Kf8 23. Qf5 Rd6 24. Re1 Re8 25. Ba3 Red8 26. gxf6 Qc7 27. Qg5 1-0

[Event "HUN-chT2 Breyer 1415"]
[Site "Hungary"]
[Date "2014.11.16"]
[Round "4.9"]
[White "Haszon, Kamilla Sara"]
[Black "Szendeff, Miklos"]
[Result "0-1"]
[WhiteElo "1927"]
[BlackElo "1867"]
[PlyCount "76"]
[EventDate "2014.09.07"]
[EventType "team-tourn"]
[EventRounds "11"]
[EventCountry "HUN"]
[SourceTitle "EXT 2016"]
[Source "ChessBase"]
[SourceDate "2015.10.08"]
[SourceVersion "1"]
[SourceVersionDate "2015.10.08"]
[SourceQuality "1"]
[WhiteTeam "Sarkany DSE"]
[BlackTeam "Zsambek"]
[WhiteTeamCountry "HUN"]
[BlackTeamCountry "HUN"]

1. e4 g6 2. d4 Bg7 3. f4 d5 4. e5 Nh6 5. Nf3 0-0 6. Bd3 c5 7. c3 Qb6 8. Qe2 cxd4 9. cxd4 Nc6 10. Nc3 Rd8 11. Be3 Nb4 12. Bb1 Bf5 13. 0-0 Rac8 14. a3 Nc6 15. Ba2 e6 16. Na4 Qc7 17. b4 Ng4 18. Rac1 Nxe3 19. Qxe3 Qb8 20. b5 Ne7 21. h3 Rxc1 22. Rxc1 Rc8 23. Nc3 Rc7 24. g4 Be4 25. Nxe4 dxe4 26. Ng5 Nd5 27. Bxd5 exd5 28. Rd1 h6 29. Nxe4 dxe4 30. Qxe4 Rc4 31. Qd3 Qc8 32. f5 g5 33. f6 Bf8 34. Re1 Rxd4 35. Qg3 Bc5 36. Kh1 Qe6 37. Qc3 Qd5+ 38. Kh2 Rd2+ 0-1

[Event "HUN-ch U18 Girls"]
[Site "Balatonlelle"]
[Date "2014.06.26"]
[Round "7"]
[White "Haszon, Kamilla Sara"]
[Black "Horvath, Ilona Klara"]
[Result "1-0"]
[WhiteElo "1930"]
[BlackElo "1901"]
[PlyCount "129"]
[EventDate "2014.06.20"]
[EventType "tourn"]
[EventRounds "9"]
[EventCountry "HUN"]
[SourceTitle "EXT 2024"]
[Source "ChessBase"]
[SourceDate "2023.10.10"]
[SourceVersion "1"]
[SourceVersionDate "2023.10.10"]
[SourceQuality "1"]

1. e4 c6 2. d4 d5 3. e5 Bf5 4. Nf3 e6 5. Be2 c5 6. c3 Nc6 7. 0-0 h5 8. Nbd2 g6 9. Nb3 c4 10. Nbd2 Bh6 11. Ne1 Nge7 12. f4 Qc7 13. Ndf3 Be4 14. Nd2 Bf5 15. b3 b5 16. a4 bxa4 17. bxc4 dxc4 18. Nxc4 0-0 19. Qxa4 Nd5 20. Bf3 Nce7 21. Bd2 Bg4 22. Bxg4 hxg4 23. Nd3 Nf5 24. Nc5 Rfc8 25. g3 Bf8 26. Nd6 Nxd6 27. exd6 Bxd6 28. Ne4 Be7 29. Rfc1 Nb6 30. Qd1 Qc6 31. Nf2 f5 32. Nd3 Kg7 33. Ne5 Qd5 34. Qe2 Rc7 35. Rcb1 Nc8 36. Rb5 Qd8 37. Nxg6 Kxg6 38. Qxe6+ Kg7 39. Rxf5 Bf6 40. Rd5 Qg8 41. Qxg4+ Kf8 42. Qf5 Rf7 43. Qe4 Nb6 44. Rd6 Re8 45. Re6 Rxe6 46. Qxe6 Qg7 47. Qd6+ Kg8 48. Be1 Kh7 49. Bf2 Rc7 50. Qe6 Rxc3 51. Ra5 Rc1+ 52. Kg2 Qb7+ 53. Kh3 Kg7 54. Qg4+ Kf8 55. Qe6 Rc6 56. Rxa7 Qxa7 57. Qxc6 Qd7+ 58. Qxd7 Nxd7 59. Kg4 Nb6 60. Kf5 Kf7 61. g4 Nd5 62. g5 Ne7+ 63. Ke4 Bg7 64. d5 Bf8 65. h4 1-0

[Event "HUN-ch U18 Girls"]
[Site "Balatonlelle"]
[Date "2014.06.21"]
[Round "2"]
[White "Szente Varga, Fruzsina"]
[Black "Haszon, Kamilla Sara"]
[Result "1-0"]
[WhiteElo "2024"]
[BlackElo "1930"]
[PlyCount "43"]
[EventDate "2014.06.20"]
[EventType "tourn"]
[EventRounds "9"]
[EventCountry "HUN"]
[SourceTitle "EXT 2024"]
[Source "ChessBase"]
[SourceDate "2023.10.10"]
[SourceVersion "1"]
[SourceVersionDate "2023.10.10"]
[SourceQuality "1"]

1. e4 c5 2. Nf3 d6 3. d4 cxd4 4. Qxd4 Nc6 5. Bb5 Bd7 6. Qd3 Nf6 7. c4 g6 8. Nc3 Bg7 9. 0-0 0-0 10. h3 Rc8 11. Be3 Be6 12. Bxc6 Rxc6 13. b3 Rc8 14. Rac1 Bd7 15. Rfd1 Bc6 16. b4 b6 17. Nd4 Bb7 18. Nd5 Nd7 19. f4 Ba6 20. Nb5 Bxb5 21. cxb5 Nf6 22. Rxc8 1-0

[Event "EU-ch U16 Girls 23rd"]
[Site "Budva"]
[Date "2013.09.29"]
[Round "1"]
[White "Haszon, Kamilla Sara"]
[Black "Magnusdottir, Veronika Steinunn"]
[Result "1-0"]
[WhiteElo "1932"]
[BlackElo "1577"]
[PlyCount "79"]
[EventDate "2013.09.29"]
[EventType "swiss"]
[EventRounds "9"]
[EventCountry "MNE"]
[SourceTitle "EXT 2014"]
[Source "ChessBase"]
[SourceDate "2013.11.20"]
[SourceVersion "1"]
[SourceVersionDate "2013.11.20"]
[SourceQuality "1"]

1. e4 c5 2. Nf3 d6 3. d4 cxd4 4. Nxd4 Nf6 5. Nc3 Nc6 6. f3 e5 7. Nb3 a6 8. Be3 Qc7 9. Qd2 b5 10. g4 Bb7 11. g5 Nd7 12. Nd5 Qd8 13. Bh3 Ne7 14. Bxd7+ Qxd7 15. Nb6 Qc7 16. Nxa8 Bxa8 17. 0-0-0 Nc6 18. Kb1 Be7 19. h4 a5 20. Qf2 a4 21. Nc1 b4 22. h5 Bb7 23. g6 f6 24. h6 Bf8 25. hxg7 Bxg7 26. Rxh7 Rg8 27. Rdh1 Ne7 28. Rg1 Bc8 29. Bh6 Bxh6 30. Rxh6 Rg7 31. Qh4 Ng8 32. Rh7 Be6 33. Rxg7 Qxg7 34. f4 a3 35. f5 Bd7 36. b3 Bc6 37. Rh1 Kf8 38. Qe1 Ne7 39. Rh7 Qg8 40. Qh4 1-0

[Event "HUN-ch U20 Girls"]
[Site "Budapest"]
[Date "2013.02.06"]
[Round "4"]
[White "Haszon, Kamilla Sara"]
[Black "Terbe, Julianna"]
[Result "0-1"]
[WhiteElo "1954"]
[BlackElo "1933"]
[PlyCount "58"]
[EventDate "2013.02.04"]
[EventType "tourn"]
[EventRounds "9"]
[EventCountry "HUN"]
[SourceTitle "CBM 152 Extra"]
[Source "ChessBase"]
[SourceDate "2013.02.25"]
[SourceVersion "1"]
[SourceVersionDate "2013.02.25"]
[SourceQuality "1"]

1. e4 Nf6 2. e5 Nd5 3. c4 Nb6 4. d4 d6 5. f4 dxe5 6. fxe5 Bf5 7. Nf3 e6 8. Nc3 Nc6 9. a3 Be7 10. Be2 0-0 11. 0-0 Qd7 12. Be3 Rad8 13. Qe1 f6 14. b4 fxe5 15. dxe5 Bg4 16. b5 Bxf3 17. bxc6 Bxc6 18. Qg3 Rxf1+ 19. Rxf1 Rf8 20. Rd1 Qe8 21. Nb5 Bxb5 22. cxb5 Nd5 23. Bd4 Nf4 24. Bc4 Qh5 25. Re1 Bh4 26. Qe3 Bxe1 27. Qxe1 Qg4 28. Qd2 Rd8 29. Kh1 Rxd4 0-1

[Event "HUN-ch U20 Girls"]
[Site "Budapest"]
[Date "2013.02.05"]
[Round "3"]
[White "Simon, Lili"]
[Black "Haszon, Kamilla Sara"]
[Result "0-1"]
[WhiteElo "1904"]
[BlackElo "1954"]
[PlyCount "98"]
[EventDate "2013.02.04"]
[EventType "tourn"]
[EventRounds "9"]
[EventCountry "HUN"]
[SourceTitle "CBM 152 Extra"]
[Source "ChessBase"]
[SourceDate "2013.02.25"]
[SourceVersion "1"]
[SourceVersionDate "2013.02.25"]
[SourceQuality "1"]

1. c4 c5 2. g3 g6 3. Bg2 Bg7 4. Nc3 Nc6 5. Nf3 d6 6. 0-0 Bf5 7. d3 Qd7 8. Nd5 Nf6 9. Rb1 0-0 10. Nxf6+ Bxf6 11. Re1 Rab8 12. Bg5 Bg7 13. Qd2 Rfe8 14. Red1 a6 15. e4 Bg4 16. Be3 b5 17. Rdc1 bxc4 18. dxc4 Rb6 19. Ne1 Reb8 20. b3 a5 21. f3 Bh3 22. Bxh3 Qxh3 23. Nd3 Nd4 24. Qd1 a4 25. Nf4 Qd7 26. Nd5 R6b7 27. Bxd4 Bxd4+ 28. Kg2 axb3 29. Rxb3 Rxb3 30. axb3 Qa7 31. Nc3 Bxc3 32. Rxc3 Qa2+ 33. Kh3 Qb2 34. Re3 Ra8 35. Qe2 Qa1 36. Qe1 Qd4 37. Qc3 Ra3 38. Qxd4 cxd4 39. Rd3 e5 40. Kg4 Kg7 41. f4 Kf6 42. h3 Ra2 43. Kf3 Ke6 44. g4 f5 45. g5 Rh2 46. exf5+ gxf5 47. Kg3 Rc2 48. h4 Rc3 49. Rf3 e4 0-1

[Event "HUN-chT2 Asztalos 1213"]
[Site "Hungary"]
[Date "2012.11.04"]
[Round "3.4"]
[White "Haszon, Kamilla Sara"]
[Black "Amrein, Roland"]
[Result "0-1"]
[WhiteElo "1931"]
[BlackElo "2209"]
[PlyCount "74"]
[EventDate "2012.09.16"]
[EventType "team-tourn"]
[EventRounds "9"]
[EventCountry "HUN"]
[SourceTitle "EXT 2014"]
[Source "ChessBase"]
[SourceDate "2013.11.20"]
[SourceVersion "1"]
[SourceVersionDate "2013.11.20"]
[SourceQuality "1"]
[WhiteTeam "Marcali"]
[BlackTeam "Nagyatad"]
[WhiteTeamCountry "HUN"]
[BlackTeamCountry "HUN"]

1. e4 Nc6 2. d4 d5 3. e5 Bf5 4. f4 e6 5. Nf3 Nb4 6. Na3 c5 7. c3 Nc6 8. Nc2 Nh6 9. Bd3 Rc8 10. 0-0 cxd4 11. cxd4 Qb6 12. Ne3 Be4 13. Nc2 Nf5 14. Bxe4 dxe4 15. g4 exf3 16. gxf5 exf5 17. Be3 Ne7 18. Rc1 Nd5 19. Qxf3 Rd8 20. Bf2 Qxb2 21. Qd3 Nxf4 22. Qf3 Nd5 23. Qxf5 Be7 24. Rb1 Qxa2 25. Rxb7 Qa6 26. Rb3 Qc4 27. Rb7 Qa6 28. Rb3 Qc4 29. Rb7 0-0 30. Rxa7 g6 31. Qe4 f5 32. exf6 Bxf6 33. Ne1 Nc3 34. Qg2 Ne2+ 35. Kh1 Nf4 36. Qg1 Qc6+ 37. Ng2 Nh3 0-1

[Event "HUN-chT U18"]
[Site "Budapest"]
[Date "2012.10.28"]
[Round "1.11"]
[White "Szajbely, Zsigmond"]
[Black "Haszon, Kamilla Sara"]
[Result "1-0"]
[WhiteElo "2261"]
[BlackElo "1931"]
[PlyCount "57"]
[EventDate "2012.10.28"]
[EventType "team-swiss"]
[EventRounds "8"]
[EventCountry "HUN"]
[SourceTitle "EXT 2020"]
[Source "ChessBase"]
[SourceDate "2019.10.17"]
[SourceVersion "1"]
[SourceVersionDate "2019.10.17"]
[SourceQuality "1"]

1. e4 c5 2. Nf3 d6 3. d4 cxd4 4. Nxd4 Nf6 5. Nc3 a6 6. h3 e5 7. Nde2 Be7 8. g4 Nc6 9. Bg2 b5 10. a3 h6 11. 0-0 0-0 12. Be3 Nh7 13. Qd2 g5 14. Rad1 Be6 15. Ng3 Re8 16. Nf5 Bxf5 17. exf5 Rc8 18. Nd5 Bf8 19. Bb6 Qd7 20. f6 Nd4 21. Be4 Kh8 22. Qd3 Qb7 23. Bxd4 exd4 24. Ne7 d5 25. Bxh7 Bxe7 26. fxe7 Rxe7 27. Bf5 Rd8 28. Qxd4+ Kg8 29. Qf6 1-0

[Event "HUN-chT2 Asztalos 1213"]
[Site "Hungary"]
[Date "2012.10.07"]
[Round "2.3"]
[White "Haszon, Kamilla Sara"]
[Black "Halasz, Attila"]
[Result "0-1"]
[WhiteElo "1981"]
[BlackElo "2139"]
[PlyCount "58"]
[EventDate "2012.09.16"]
[EventType "team-tourn"]
[EventRounds "9"]
[EventCountry "HUN"]
[SourceTitle "EXT 2014"]
[Source "ChessBase"]
[SourceDate "2013.11.20"]
[SourceVersion "1"]
[SourceVersionDate "2013.11.20"]
[SourceQuality "1"]
[WhiteTeam "Marcali"]
[BlackTeam "Szentlorinc"]
[WhiteTeamCountry "HUN"]
[BlackTeamCountry "HUN"]

1. e4 d5 2. exd5 Qxd5 3. Nc3 Qa5 4. d4 Nf6 5. Bf4 c6 6. Qd2 Bf5 7. f3 e6 8. Nge2 Nbd7 9. g4 Bg6 10. Bg3 Nb6 11. Nf4 Bb4 12. Bd3 Na4 13. Nxg6 hxg6 14. 0-0 Nxb2 15. Qe3 Bxc3 16. Bxg6 0-0 17. g5 fxg6 18. gxf6 Rxf6 19. Be5 Nc4 20. Qd3 Nxe5 21. dxe5 Qxe5 22. Rad1 Raf8 23. Kh1 Ba5 24. Qb3 Bc7 25. Rd2 Rxf3 26. Rxf3 Qe1+ 27. Kg2 Qxd2+ 28. Kf1 Qd1+ 29. Kg2 Qe2+ 0-1

[Event "HUN-ch U16 Girls"]
[Site "Balatonlelle"]
[Date "2012.06.29"]
[Round "6"]
[White "Haszon, Kamilla Sara"]
[Black "Gombos, Bettina"]
[Result "0-1"]
[WhiteElo "1914"]
[BlackElo "1961"]
[PlyCount "114"]
[EventDate "2012.06.22"]
[EventType "tourn"]
[EventRounds "7"]
[EventCountry "HUN"]
[SourceTitle "EXT 2014"]
[Source "ChessBase"]
[SourceDate "2013.11.20"]
[SourceVersion "1"]
[SourceVersionDate "2013.11.20"]
[SourceQuality "1"]

1. e4 c5 2. Nf3 e6 3. d4 cxd4 4. Nxd4 Nf6 5. Nc3 d6 6. Be3 Be7 7. f3 0-0 8. Qd2 a6 9. 0-0-0 Nc6 10. g4 Nxd4 11. Bxd4 b5 12. g5 Nd7 13. h4 Qc7 14. h5 b4 15. Ne2 Ne5 16. Qf4 Bb7 17. Ng3 Rac8 18. Rh2 Qd8 19. Be3 Bxg5 20. Qxg5 Qxg5 21. Bxg5 Nxf3 22. Re2 Nxg5 23. Rxd6 Rfd8 24. Rb6 Rd7 25. Rxb4 Rcd8 26. b3 a5 27. Ra4 Rd4 28. Rxd4 Rxd4 29. Bg2 f5 30. Rd2 Rxd2 31. Kxd2 f4 32. Nf1 Nxe4+ 33. Ke1 Nd6 34. Bxb7 Nxb7 35. Nd2 Nc5 36. Ke2 Kf7 37. Kf3 e5 38. Nc4 Kf6 39. Nxa5 Kf5 40. b4 Ne6 41. Nc6 Ng5+ 42. Kf2 Ne4+ 43. Kf3 Nc3 44. a3 e4+ 45. Kf2 Kg4 46. Ne5+ Kxh5 47. a4 Nxa4 48. c4 g5 49. c5 g4 50. c6 e3+ 51. Ke2 Nc3+ 52. Ke1 Nb5 53. Nd3 f3 54. Nf4+ Kh4 55. Nd5 e2 56. Nc3 g3 57. Nxb5 g2 0-1

[Event "HUN-ch U16 Girls"]
[Site "Balatonlelle"]
[Date "2012.06.27"]
[Round "5"]
[White "Szente Varga, Fruzsina"]
[Black "Haszon, Kamilla Sara"]
[Result "0-1"]
[WhiteElo "2009"]
[BlackElo "1914"]
[PlyCount "92"]
[EventDate "2012.06.22"]
[EventType "tourn"]
[EventRounds "7"]
[EventCountry "HUN"]
[SourceTitle "EXT 2014"]
[Source "ChessBase"]
[SourceDate "2013.11.20"]
[SourceVersion "1"]
[SourceVersionDate "2013.11.20"]
[SourceQuality "1"]

1. e4 c5 2. Nf3 d6 3. d4 cxd4 4. Nxd4 Nf6 5. Nc3 a6 6. g3 e5 7. Nde2 b5 8. Bg2 Bb7 9. 0-0 Be7 10. h3 0-0 11. g4 Nbd7 12. Ng3 b4 13. Nd5 Nxd5 14. exd5 g6 15. Bh6 Re8 16. Qd2 a5 17. f4 Bh4 18. Ne4 f5 19. gxf5 gxf5 20. Bg5 Qb6+ 21. Kh2 Bxg5 22. Nxg5 e4 23. Rg1 Nf6 24. Ne6 Kh8 25. c4 Bc8 26. Nd4 Ra7 27. b3 Nh5 28. Bf1 Ree7 29. Rg5 Nxf4 30. Nc6 Rg7 31. Qxf4 Rxg5 32. Qxg5 Qf2+ 33. Qg2 Qf4+ 34. Kh1 Rg7 35. Qh2 Qe3 36. Bg2 f4 37. Rf1 Rg3 38. h4 Bg4 39. Qg1 Rh3+ 40. Bxh3 Qxh3+ 41. Qh2 Qxf1+ 42. Qg1 Qh3+ 43. Qh2 Bf3+ 44. Kg1 Qg4+ 45. Kf1 e3 46. Ne7 Qg7 0-1

[Event "HUN-ch U16 Girls"]
[Site "Balatonlelle"]
[Date "2012.06.26"]
[Round "4"]
[White "Haszon, Kamilla Sara"]
[Black "Szalaji, Renata"]
[Result "0-1"]
[WhiteElo "1914"]
[BlackElo "1881"]
[PlyCount "46"]
[EventDate "2012.06.22"]
[EventType "tourn"]
[EventRounds "7"]
[EventCountry "HUN"]
[SourceTitle "EXT 2014"]
[Source "ChessBase"]
[SourceDate "2013.11.20"]
[SourceVersion "1"]
[SourceVersionDate "2013.11.20"]
[SourceQuality "1"]

1. e4 d5 2. exd5 Qxd5 3. Nc3 Qd6 4. d4 Nf6 5. Nf3 a6 6. Bd3 Nbd7 7. Be3 c5 8. Qd2 cxd4 9. Nxd4 Nc5 10. 0-0-0 Nxd3+ 11. Qxd3 Bd7 12. g3 e5 13. Ne4 Qd5 14. Nxf6+ gxf6 15. Rhe1 exd4 16. Bxd4+ Be6 17. b3 Be7 18. c4 Qa5 19. Re2 0-0-0 20. Kb2 Rxd4 21. Qxd4 Rd8 22. Qxd8+ Bxd8 23. Red2 Be7 0-1

[Event "HUN-chT2 Asztalos 1112"]
[Site "Hungary"]
[Date "2012.04.22"]
[Round "9.10"]
[White "Haszon, Kamilla Sara"]
[Black "Grunwald, Matyas"]
[Result "1-0"]
[WhiteElo "1779"]
[BlackElo "2051"]
[PlyCount "53"]
[EventDate "2011.09.25"]
[EventType "team-tourn"]
[EventRounds "11"]
[EventCountry "HUN"]
[SourceTitle "EXT 2013"]
[Source "ChessBase"]
[SourceDate "2012.11.22"]
[SourceVersion "1"]
[SourceVersionDate "2012.11.22"]
[SourceQuality "1"]
[WhiteTeam "Marcali"]
[BlackTeam "Komlo"]
[WhiteTeamCountry "HUN"]
[BlackTeamCountry "HUN"]

1. e4 d6 2. d4 c5 3. d5 g6 4. f4 Bg7 5. Nf3 Bg4 6. Bd3 Qb6 7. c3 Nd7 8. Nbd2 Ngf6 9. Nc4 Qc7 10. a4 0-0 11. 0-0 a6 12. a5 Rfb8 13. h3 Bxf3 14. Qxf3 b5 15. axb6 Nxb6 16. Na5 c4 17. Bc2 Nfd7 18. Nc6 Re8 19. Be3 e6 20. f5 gxf5 21. dxe6 fxe6 22. exf5 exf5 23. Qxf5 Nf6 24. Bd4 Nbd5 25. Nb4 Qb7 26. Nxd5 Qxd5 27. Bxf6 1-0